Účtovníctvo 2 Zbierka príkladov
Saved in:
| Main Author: | |
|---|---|
| Corporate Author: | |
| Format: | Book |
| Language: | Slovak |
| Published: |
Bratislava
Vysoká škola ekonomická
1986
|
| Edition: | 1. vyd. |
| Tags: |
No Tags, Be the first to tag this record!
|
MARC
| LEADER | 00000nam a2200000 4500 | ||
|---|---|---|---|
| 001 | c023165 | ||
| 005 | 20221219100959.4 | ||
| 041 | 0 | |a slo | |
| 044 | |a SK | ||
| 245 | 1 | 0 | |a Účtovníctvo 2 |b Zbierka príkladov |c J. Mázik a kol. |
| 250 | |a 1. vyd. | ||
| 264 | 1 | |a Bratislava |b Vysoká škola ekonomická |c 1986 | |
| 300 | |a 272 s. | ||
| 100 | 1 | |a Mázik, Ján | |
| 710 | 2 | |a Vysoká škola ekonomická v Bratislave. Fakulta riadenia | |